[Event "Barcelona Rubi op-B 5th"]
[Site "Barcelona"]
[Date "2004.04.??"]
[Round "1"]
[White "Sanchez Perez, Joan"]
[Black "Boixader Herrero, Didac"]
[Result "1-0"]
[WhiteElo "1855"]
[BlackElo "1700"]
[PlyCount "107"]
[EventDate "2004.04.25"]
[EventType "swiss"]
[EventRounds "7"]
[EventCountry "ESP"]
[SourceTitle "EXT 2007"]
[Source "ChessBase"]
[SourceDate "2006.11.23"]
[SourceVersion "1"]
[SourceVersionDate "2006.11.23"]
[SourceQuality "1"]

1. e4 e5 2. Nf3 Nc6 3. Bc4 Nf6 4. Ng5 d5 5. exd5 Na5 6. Bb5+ c6 7. dxc6 bxc6 8. Be2 h6 9. Nf3 e4 10. Ng1 Bd6 11. d3 0-0 12. Bd2 exd3 13. Bxd3 Bg4 14. f3 Bh5 15. Bxa5 Qxa5+ 16. Qd2 Qxd2+ 17. Nxd2 Bb4 18. 0-0-0 Rad8 19. Ne2 Bxd2+ 20. Rxd2 Bg6 21. Bxg6 Rxd2 22. Kxd2 fxg6 23. c4 Rc8 24. b3 a5 25. h4 a4 26. Kc3 axb3 27. axb3 Re8 28. Nf4 Nh5 29. Nxh5 gxh5 30. Rd1 Re2 31. Rd2 Re3+ 32. Kc2 Re5 33. f4 Re4 34. Rf2 Kf7 35. Kd3 Re7 36. Re2 Rd7+ 37. Kc3 Kf6 38. Re5 g6 39. Rc5 Rc7 40. b4 Ke6 41. b5 Kd6 42. Rxc6+ Rxc6 43. bxc6 Kxc6 44. Kd4 Kd6 45. Ke4 Kc5 46. Ke5 Kxc4 47. Kf6 Kd4 48. Kxg6 Ke4 49. f5 Kf4 50. f6 Kg4 51. g3 Kxg3 52. Kxh5 Kf4 53. f7 Ke5 54. f8Q 1-0